समकालीन हिंदी कविता और अशोक वाजपेयी की काव्य -सृष्टि / (Record no. 191732)

MARC details
000 -LEADER
fixed length control field 00850nam a22001937a 4500
005 - DATE AND TIME OF LATEST TRANSACTION
control field 20250606112831.0
010 ## - LCCN (DPL NO)
LC control number HIN-124286
020 ## - INTERNATIONAL STANDARD BOOK NUMBER
Terms of availability 500.00
International Standard Book Number 9789387643574
035 ## - SYSTEM CONTROL NUMBER
System control number HN-96632
037 ## - SOURCE OF ACQUISITION
Source of stock number/acquisition DBAD/PUB
082 ## - DEWEY DECIMAL CLASSIFICATION NUMBER
Classification number 821.08
100 ## - MAIN ENTRY--PERSONAL NAME
Personal name ललिता सिंह
245 ## - TITLE STATEMENT
Title समकालीन हिंदी कविता और अशोक वाजपेयी की काव्य -सृष्टि /
Statement of responsibility, etc ललिता सिंह
246 ## - VARYING FORM OF TITLE
Title proper/short title Balyakaal Ki Shiksha /
260 ## - PUBLICATION, DISTRIBUTION, ETC. (IMPRINT)
Place of publication, distribution, etc वाराणसी
Name of publisher, distributor, etc विश्वविद्यालय प्रकाशन
Date of publication, distribution, etc 2022
270 ## - ADDRESS
City वाराणसी
Address विशालाक्षी भवन चौक ,
Postal code 221001
300 ## - PHYSICAL DESCRIPTION
Extent 255पृ.
Dimensions 22सेमी(सजिल्द)
942 ## - ADDED ENTRY ELEMENTS (KOHA)
Item type Hindi Books
Classification part 821.08
Call number suffix सिंहल
Source of classification or shelving scheme Dewey Decimal Classification
Holdings
Withdrawn status Lost status Not for loan Collection code Home library Current library Date acquired Source of acquisition Cost, normal purchase price Full call number Barcode Copy number Cost, replacement price Koha item type
      Non-fiction Sarojini Nagar Sarojini Nagar 01/09/2022 DBAD/PUB 500.00 821.08 ललिता HN-96632 1 500.00 Hindi Books

© Delhi Public Library
Hit Counter
free hit counter